|
|
|
|
| LEADER |
00000nab#a22000007a#4500 |
| 001 |
arbauad004283 |
| 003 |
AR-BaUAD |
| 005 |
20250711110628.0 |
| 008 |
940428|||||||||###||||||b###|0###a|spa|| |
| 040 |
|
|
|a AR-BaUAD
|c AR-BaUAD
|b spa
|
| 100 |
|
|
|a Soter, Tom
|
| 245 |
|
|
|a The original Keystone comedies, vol. 1 /
|c Tom Soter;
|
| 653 |
|
|
|a CINE
|
| 653 |
|
|
|a ACTORES
|
| 653 |
|
|
|a PANTOMIMAS
|
| 653 |
|
|
|a ESTADOS UNIDOS
|
| 653 |
|
|
|a COMEDIAS KEYSTONE
|
| 653 |
|
|
|a CRITICAS
|
| 653 |
|
|
|a ARBUCKLE, ROSCOE
|
| 653 |
|
|
|a SWAIN, MACK
|
| 773 |
0 |
|
|t VIDEO
|g v. 9, no. 12 [mar. 1986], p. 63
|
| 942 |
|
|
|c ARTI
|
| 952 |
|
|
|0 0
|1 0
|4 0
|7 0
|9 49203
|a AR-BAuAD
|b AR-BAuAD
|d 2025-07-11
|l 0
|p AAQA004283
|r 2025-07-11 11:06:28
|w 2025-07-11
|y ARTI
|
| 990 |
|
|
|a C198
|b TD
|
| 998 |
|
|
|a AAQ
|b BIBUN76
|
| 999 |
|
|
|c 28876
|d 28876
|